| 000 | 01102nam a2200301Ia 4500 | ||
|---|---|---|---|
| 999 |
_c53645 _d53645 |
||
| 001 | 20692 | ||
| 003 | GE_BSU | ||
| 005 | 20210304235900.0 | ||
| 008 | 181216s2013||||xx |||||||||||||| ||eng|| | ||
| 020 | _a9780071812924 | ||
| 040 | _cGE_BSU | ||
| 041 | _aeng | ||
| 080 | _a579:61 J-30 | ||
| 245 |
_aJawetz Melnick & Adelbergs Medical Microbiology / _cBrooks, George F., Carroll, K., Butel, Janet and other |
||
| 250 | _aTwenty-Sixth edition (international edition) | ||
| 264 |
_aNew York : _bMcGraw hill, _c2013. |
||
| 300 |
_a864 p. ; _c28 cm. |
||
| 541 | _h159 Gel. | ||
| 653 | _aJawetz Melnick & Adelbergs Medical Microbiology | ||
| 653 | _aМедицинская микробиология | ||
| 653 | _aმედიცინა | ||
| 653 | _aმიკრობიოლოგია | ||
| 653 | _aჯავეთ მელნიკი და ადელბერგსი სამედიცინო მიკრობიოლოგია | ||
| 700 |
_aBrooks, George F. _eBy _910339 |
||
| 700 |
_aCarroll, K. _eBy _910340 |
||
| 700 |
_aButel, Janet _eBy _910341 |
||
| 942 |
_cBK _2udc |
||